000 00531nam a2200193Ia 4500
005 20250508150931.0
008 008 250505s9999 xx 000 0 eng d
037 _aTextual
040 _aFEDL
_beng
_cFEDL
041 _aeng
_2eng
084 _a201, THO
_qFEDL
100 _aThouless Robert H.
245 0 _aIntroduction to the psychology of religion
250 _a2nd
260 _aCambridge
_bCambridge University Press
_c1950
300 _avii,286p.
942 _cTEXL
_h201, THO
999 _c1326578
_d1326578